[Event "NCA-chT final"]
[Site "Managua"]
[Date "2019.10.26"]
[Round "1.2"]
[White "Jimenez, Lester"]
[Black "Davila, Carlos"]
[Result "0-1"]
[WhiteElo "1876"]
[BlackElo "2227"]
[PlyCount "82"]
[EventDate "2019.10.26"]
[EventType "team-tourn"]
[EventRounds "11"]
[EventCountry "NCA"]
[SourceTitle "EXT 2021"]
[Source "ChessBase"]
[SourceDate "2020.10.23"]
[SourceVersion "1"]
[SourceVersionDate "2020.10.23"]
[SourceQuality "1"]
[WhiteTeam "Nicaragua CC"]
[BlackTeam "Clemente Guido"]
[WhiteTeamCountry "NCA"]
[BlackTeamCountry "NCA"]

1. e4 g6 2. d4 Bg7 3. Nc3 d5 4. exd5 Nf6 5. Bb5+ Nbd7 6. Bg5 0-0 7. Bxd7 Qxd7 8. Bxf6 exf6 9. Qf3 Re8+ 10. Nge2 b5 11. Ne4 Qe7 12. Nc5 Rb8 13. h3 f5 14. Qe3 Qd8 15. Qd2 f4 16. 0-0-0 Qxd5 17. Nc3 Qxg2 18. Qxf4 Bf5 19. b4 a5 20. a3 axb4 21. axb4 Qc6 22. h4 Rbd8 23. Rhg1 Qf6 24. Qg5 Rxd4 25. Qxf6 Bxf6 26. Nd5 Rxd1+ 27. Rxd1 Bxh4 28. Nxc7 Re2 29. Rd2 Re1+ 30. Kb2 Bf6+ 31. Ka2 Ra1+ 32. Kb3 Rb1+ 33. Ka3 Bg5 34. Re2 Bc1+ 35. Ka2 Rb2+ 36. Ka1 Rxb4 37. Nd5 Rc4 38. Ne7+ Kf8 39. Nxf5 Rxc5 40. Nd6 Bf4 41. Ne4 Re5 0-1

[Event "NCA-chT final"]
[Site "Managua"]
[Date "2018.10.28"]
[Round "3.1"]
[White "Alfaro Caracas, William"]
[Black "Jimenez, Lester"]
[Result "1/2-1/2"]
[WhiteElo "2165"]
[BlackElo "1975"]
[PlyCount "53"]
[EventDate "2018.10.27"]
[EventType "team-tourn"]
[EventRounds "11"]
[EventCountry "NCA"]
[SourceTitle "EXT 2020"]
[Source "ChessBase"]
[SourceDate "2019.10.17"]
[SourceVersion "1"]
[SourceVersionDate "2019.10.17"]
[SourceQuality "1"]

1. d4 d5 2. Nf3 c5 3. c4 cxd4 4. cxd5 Nf6 5. Nxd4 Nxd5 6. e4 Nb4 7. Qa4+ N8c6 8. Nxc6 Nxc6 9. Nc3 e6 10. Be2 Qd4 11. Bb5 Qxa4 12. Bxa4 Bd7 13. Be3 Bb4 14. Rc1 0-0 15. a3 Be7 16. 0-0 Rfd8 17. Rfd1 Ne5 18. Bxd7 Rxd7 19. Rxd7 Nxd7 20. Nb5 a6 21. Rc7 axb5 22. Rxd7 Rd8 23. Rxd8+ Bxd8 24. Bd4 g6 25. Bc5 f5 26. Kf1 Bf6 27. b3 1/2-1/2